000 00647cam a2200181 i 4500
005 20260217111125.0
008 250721s2001 jo gr 000 0 ara d
082 1 4 _a410.7
_bم ه ا
100 1 _aمصطفى، عبدالله علي
_eمؤلف.
245 1 0 _aمهارات اللغة العربية /
_cتأليف د. عبدالله علي مصطفى.
250 _aالطبعة الأولى.
264 3 1 _aعمان :
_bدار آرام للدراسات والنشر والتوزيع،
_c1994.
300 _a293 صفحة.
650 1 7 _aاللغة العربية.
650 1 7 _aالتدريس.
942 _2ddc
_cBK
999 _c86939
_d86939